00922cam a22002535a 4500001001000000003000400010005001700014008004100031020001800072040004000090082002000130100002400150245008500174260004400259300003400303504005300337650004200390650003600432651001000468653002500478942000800503999001700511952014000528016597123OSt20201128024031.0131113s2014 nhua frb 001 0 eng d a9781137332899 aStDuBDSbengcStDuBDSdUkdEG-ScBUE04a658.11222bBUR1 aBurns, Paul,d1949-10aNew venture creation :ba framework for entrepreneurial start-ups /cPaul Burns. aHampshire :bPalgrave Macmillan,c2014. axix, 362 p. :bill. ;c25 cm. aIncludes bibliographical references and indexes. 7aNew business enterprises.2BUEsh9239 7aBusiness planning.2BUEsh93321 2BUEsh bBUSADMcDecember2016 2ddc c23416d23388 00102ddc40708BaccahaMAINbMAINc1STd2016-12-01ePurchaseg560.00h3656l0o658.11 BURp000040185r2025-07-15 00:00:00v700.00yBB